[Event "Mayabeque Province-ch final"]
[Site "Mayabeque"]
[Date "2018.10.27"]
[Round "9.2"]
[White "Garcia Garcia, Alejandro"]
[Black "Fundora Zamora, Yoisel"]
[Result "1/2-1/2"]
[WhiteElo "2239"]
[BlackElo "2121"]
[PlyCount "29"]
[EventDate "2018.10.23"]
[EventType "team-tourn"]
[EventRounds "9"]
[EventCountry "CUB"]
[SourceTitle "EXT 2021"]
[Source "ChessBase"]
[SourceDate "2020.10.23"]
[SourceVersion "1"]
[SourceVersionDate "2020.10.23"]
[SourceQuality "1"]
[WhiteTeam "San Jose"]
[BlackTeam "Nueva Paz"]
[WhiteTeamCountry "CUB"]
[BlackTeamCountry "CUB"]

1. c4 Nf6 2. Nc3 g6 3. e4 d6 4. Be2 Bg7 5. d4 0-0 6. Be3 Nbd7 7. h3 e5 8. d5 Nc5 9. Qc2 a5 10. g4 Nfd7 11. Nf3 Nb6 12. 0-0-0 Bd7 13. Rdg1 Nba4 14. Nd2 Qe7 15. h4 1/2-1/2

[Event "Clemente Vazquez Memorial-B"]
[Site "Santa Maria del Mar"]
[Date "2017.09.30"]
[Round "9"]
[White "Sanchez Ones, Yeny"]
[Black "Fundora Zamora, Yoisel"]
[Result "1-0"]
[WhiteElo "2148"]
[BlackElo "2220"]
[PlyCount "159"]
[EventDate "2016.09.22"]
[EventType "tourn"]
[EventRounds "9"]
[EventCountry "CUB"]
[SourceTitle "EXT 2019"]
[Source "ChessBase"]
[SourceDate "2018.10.10"]
[SourceVersion "1"]
[SourceVersionDate "2018.10.10"]
[SourceQuality "1"]

1. e4 c5 2. Nf3 d6 3. d4 cxd4 4. Nxd4 Nf6 5. Nc3 a6 6. Be2 e6 7. 0-0 Be7 8. f4 Qc7 9. Kh1 0-0 10. Qe1 Nbd7 11. a4 b6 12. Nb3 Bb7 13. Bd3 Rfe8 14. Qg3 Rac8 15. Bd2 Bf8 16. Rae1 g6 17. e5 Nh5 18. Qf2 Bg7 19. Be2 dxe5 20. Bxh5 gxh5 21. fxe5 Nxe5 22. Bf4 Ng4 23. Qg3 e5 24. Bg5 Re6 25. Ne4 Rg6 26. Qh4 Qxc2 27. Nbd2 Rf8 28. h3 h6 29. Be7 Bxe4 30. Nxe4 Re8 31. Bb4 Ne3 32. Rf2 Nxg2 33. Qxh5 Qxa4 34. Rxf7 Kxf7 35. Nd6+ Kg8 36. Qxg6 Qxb4 37. Qxe8+ Kh7 38. Rg1 Qxd6 39. Rxg2 Qf6 40. Qa4 Qf1+ 41. Kh2 Qf4+ 42. Qxf4 exf4 43. Kg1 Bd4+ 44. Kf1 a5 45. b3 Bc5 46. Ke2 Kh8 47. Kf3 Be3 48. h4 Kh7 49. h5 Kh8 50. Rg4 Kh7 51. Rg6 b5 52. Ra6 a4 53. bxa4 bxa4 54. Rxa4 Kg7 55. Ra6 Bc1 56. Kg4 Be3 57. Rc6 Bd2 58. Rg6+ Kh7 59. Rd6 Be3 60. Rd7+ Kg8 61. Rb7 Bd2 62. Kf5 f3 63. Kg6 Kf8 64. Rf7+ Ke8 65. Rxf3 Ke7 66. Rf2 Bg5 67. Rf1 Ke8 68. Kg7 Ke7 69. Re1+ Kd7 70. Re5 Bc1 71. Re1 Bg5 72. Kf7 Kd6 73. Re6+ Kd7 74. Re5 Bc1 75. Rd5+ Kc6 76. Rd1 Bg5 77. Kg7 Kc7 78. Rg1 Be3 79. Rg6 Kd7 80. Rxh6 1-0

[Event "Clemente Vazquez Memorial-B"]
[Site "Santa Maria del Mar"]
[Date "2017.09.24"]
[Round "3"]
[White "Fundora Zamora, Yoisel"]
[Black "Garcia Garcia, Alejandro"]
[Result "1/2-1/2"]
[WhiteElo "2220"]
[BlackElo "2295"]
[PlyCount "46"]
[EventDate "2016.09.22"]
[EventType "tourn"]
[EventRounds "9"]
[EventCountry "CUB"]
[SourceTitle "EXT 2019"]
[Source "ChessBase"]
[SourceDate "2018.10.10"]
[SourceVersion "1"]
[SourceVersionDate "2018.10.10"]
[SourceQuality "1"]

1. e4 c5 2. Nf3 Nc6 3. c3 d5 4. exd5 Qxd5 5. d4 e6 6. Be2 Nf6 7. Be3 cxd4 8. cxd4 Be7 9. 0-0 0-0 10. Nc3 Qd6 11. Rc1 Rd8 12. a3 b6 13. Qa4 Bb7 14. Ba6 Qd7 15. Bxb7 Qxb7 16. Rfd1 a6 17. h3 Rac8 18. b4 b5 19. Qb3 h6 20. d5 exd5 21. Nxd5 Nxd5 22. Rxd5 Rxd5 23. Qxd5 Nd8 1/2-1/2

[Event "Clemente Vazquez Memorial-B"]
[Site "Santa Maria del Mar"]
[Date "2017.09.22"]
[Round "1"]
[White "Fundora Zamora, Yoisel"]
[Black "Campos Jimenez, Augusto Cesar"]
[Result "1/2-1/2"]
[WhiteElo "2220"]
[BlackElo "2291"]
[PlyCount "66"]
[EventDate "2016.09.22"]
[EventType "tourn"]
[EventRounds "9"]
[EventCountry "CUB"]
[SourceTitle "EXT 2019"]
[Source "ChessBase"]
[SourceDate "2018.10.10"]
[SourceVersion "1"]
[SourceVersionDate "2018.10.10"]
[SourceQuality "1"]

1. Nf3 Nf6 2. g3 e6 3. Bg2 d5 4. 0-0 Be7 5. d3 c5 6. Nbd2 Nc6 7. e4 Qc7 8. Re1 b6 9. c3 Bb7 10. exd5 exd5 11. Nf1 0-0 12. Bf4 Qd7 13. Ne5 Nxe5 14. Bxe5 Rad8 15. h3 Rfe8 16. g4 d4 17. c4 Qc8 18. Ng3 Bxg2 19. Kxg2 Nd7 20. Bf4 Nf8 21. Nf5 Ne6 22. Qf3 Nxf4+ 23. Qxf4 Bf8 24. Ng3 Rxe1 25. Rxe1 Bd6 26. Qf5 Bxg3 27. Qxc8 Rxc8 28. Kxg3 Kf8 29. a4 Rc6 30. f4 f6 31. f5 Kf7 32. Kf4 Rc7 33. Re6 Re7 1/2-1/2

[Event "CUB-ch U18"]
[Site "Camaguey"]
[Date "2017.06.26"]
[Round "9.7"]
[White "Fundora Zamora, Yoisel"]
[Black "Pozo Castro, Victor Javier"]
[Result "1/2-1/2"]
[WhiteElo "2196"]
[BlackElo "2269"]
[PlyCount "80"]
[EventDate "2017.06.21"]
[EventType "swiss"]
[EventRounds "9"]
[EventCountry "CUB"]
[SourceTitle "EXT 2023"]
[Source "ChessBase"]
[SourceDate "2022.10.05"]
[SourceVersion "1"]
[SourceVersionDate "2022.10.05"]
[SourceQuality "1"]

1. e4 c5 2. c3 d5 3. exd5 Qxd5 4. d4 Nf6 5. Nf3 Bg4 6. Be2 cxd4 7. cxd4 e6 8. Nc3 Qd6 9. 0-0 Nc6 10. Qa4 Be7 11. Rd1 Nd5 12. Ne4 Qd8 13. Bg5 Bxg5 14. Nexg5 h6 15. Ne4 Nf4 16. Bb5 Bxf3 17. gxf3 0-0 18. Kh1 a6 19. Rg1 Kh8 20. Bxc6 bxc6 21. Rad1 Qd5 22. Qb3 Qh5 23. Ng3 Qh4 24. Qe3 Rab8 25. b3 Rb5 26. Rc1 Nh3 27. Rg2 Rd5 28. Ne2 g5 29. Rxc6 Nf4 30. Nxf4 Qxf4 31. Qxf4 gxf4 32. Rxa6 Rxd4 33. Rg4 Kh7 34. Rb6 h5 35. Rg5 Kh6 36. Rbb5 Rd1+ 37. Rg1 Rd2 38. a4 Rxf2 39. Rg2 Rf1+ 40. Rg1 Rf2 1/2-1/2

[Event "CUB-ch U18"]
[Site "Camaguey"]
[Date "2017.06.21"]
[Round "2.8"]
[White "Fundora Zamora, Yoisel"]
[Black "Friera Naranjo, Sergio Daniel"]
[Result "1-0"]
[WhiteElo "2196"]
[BlackElo "2217"]
[PlyCount "105"]
[EventDate "2017.06.21"]
[EventType "swiss"]
[EventRounds "9"]
[EventCountry "CUB"]
[SourceTitle "EXT 2023"]
[Source "ChessBase"]
[SourceDate "2022.10.05"]
[SourceVersion "1"]
[SourceVersionDate "2022.10.05"]
[SourceQuality "1"]

1. e4 c5 2. Nf3 g6 3. d4 cxd4 4. Nxd4 Bg7 5. Nc3 Nc6 6. Be3 Nf6 7. f3 0-0 8. Bc4 d6 9. Qd2 Bd7 10. 0-0-0 Rb8 11. h4 b5 12. Bb3 Na5 13. h5 Nc4 14. Bxc4 bxc4 15. Rdg1 Qb6 16. Nd1 c3 17. Qxc3 Rfc8 18. Qd2 Qa6 19. Kb1 Be8 20. g4 Nd7 21. hxg6 fxg6 22. Nf5 Bf7 23. Nxe7+ Kf8 24. Nd5 Bxd5 25. exd5 Ne5 26. Bd4 Nc4 27. Qf4+ Kg8 28. Rg2 Na3+ 29. Kc1 Qd3 30. Qe4 Qxd4 31. Qxd4 Bxd4 32. bxa3 Be5 33. c3 Rb5 34. Rb2 Rxb2 35. Kxb2 Rc5 36. Re1 Rxd5 37. Kc2 Kf7 38. Re4 Rc5 39. Ra4 Rc7 40. f4 Bf6 41. g5 Bg7 42. Kd3 d5 43. Ra6 Ke7 44. Ne3 Rxc3+ 45. Kd2 Ke8 46. Rxa7 Bd4 47. Ra8+ Kd7 48. Nxd5 Rf3 49. Ke2 Rh3 50. a4 Ke6 51. Nb4 Kf5 52. Nc2 Bc5 53. Ra5 1-0

[Event "Guillermo Garcia Memorial op 26th"]
[Site "Santa Clara"]
[Date "2017.05.20"]
[Round "5"]
[White "Fundora Zamora, Yoisel"]
[Black "Cazulo Ramirez, Jesus David"]
[Result "1/2-1/2"]
[WhiteElo "2062"]
[BlackElo "2230"]
[PlyCount "65"]
[EventDate "2017.05.16"]
[EventType "swiss"]
[EventRounds "9"]
[EventCountry "CUB"]
[SourceTitle "CBM 178 Extra"]
[Source "ChessBase"]
[SourceDate "2017.06.22"]
[SourceVersion "1"]
[SourceVersionDate "2017.06.22"]
[SourceQuality "1"]

1. e4 e5 2. Nf3 Nc6 3. Bb5 a6 4. Ba4 Nf6 5. 0-0 Be7 6. Re1 b5 7. Bb3 d6 8. h3 0-0 9. c3 h6 10. d4 Re8 11. a4 Bd7 12. axb5 axb5 13. Rxa8 Qxa8 14. Na3 Qb7 15. Bd5 Bf8 16. dxe5 dxe5 17. Qb3 Nxd5 18. Qxd5 b4 19. Qxd7 Rd8 20. Qg4 bxa3 21. bxa3 Qc8 22. Qg3 Qe6 23. Nh4 Kh7 24. Nf5 g6 25. Ne3 Rd3 26. Qg4 Rxc3 27. Nd5 Qxg4 28. hxg4 Rc2 29. Be3 Bxa3 30. Nf6+ Kg7 31. Ne8+ Kh7 32. Nf6+ Kg7 33. Ne8+ 1/2-1/2

[Event "Guillermo Garcia Memorial op 26th"]
[Site "Santa Clara"]
[Date "2017.05.19"]
[Round "4"]
[White "Charon Mustelier, Manuel"]
[Black "Fundora Zamora, Yoisel"]
[Result "1/2-1/2"]
[WhiteElo "2167"]
[BlackElo "2062"]
[PlyCount "104"]
[EventDate "2017.05.16"]
[EventType "swiss"]
[EventRounds "9"]
[EventCountry "CUB"]
[SourceTitle "CBM 178 Extra"]
[Source "ChessBase"]
[SourceDate "2017.06.22"]
[SourceVersion "1"]
[SourceVersionDate "2017.06.22"]
[SourceQuality "1"]

1. c4 Nf6 2. Nc3 g6 3. e4 d6 4. d4 Bg7 5. f3 0-0 6. Be3 Nbd7 7. Bd3 e5 8. Nge2 exd4 9. Nxd4 c6 10. 0-0 Re8 11. Bf2 Nh5 12. Re1 Ne5 13. Bf1 Nf4 14. Kh1 a6 15. Qd2 Ne6 16. Rad1 Nxd4 17. Bxd4 Be6 18. f4 Ng4 19. Bxg7 Kxg7 20. h3 Qh4 21. Kg1 Nf6 22. Qf2 Qxf2+ 23. Kxf2 Rad8 24. g4 Bc8 25. Bg2 h6 26. Rd2 Kf8 27. Red1 Ke7 28. Bf3 g5 29. f5 b5 30. cxb5 cxb5 31. a3 Rd7 32. Rh1 Rc7 33. Rhd1 Rd7 34. Rh1 Rc7 35. h4 Bb7 36. hxg5 hxg5 37. Rdd1 Rh8 38. Kg3 Ne8 39. Rhe1 Rc5 40. e5 Bxf3 41. exd6+ Kd7 42. Kxf3 Rxc3+ 43. bxc3 Nxd6 44. Kg3 Rc8 45. Rd3 Rc4 46. Red1 Rc6 47. Rh1 Ke7 48. Re1+ Kf6 49. Rh1 Ke7 50. Kf3 Rc4 51. Re1+ Kd7 52. Re5 Rf4+ 1/2-1/2

[Event "Guillermo Garcia Memorial op 26th"]
[Site "Santa Clara"]
[Date "2017.05.17"]
[Round "2"]
[White "Cabrera Gonzalez, Maximo Ariel"]
[Black "Fundora Zamora, Yoisel"]
[Result "1/2-1/2"]
[WhiteElo "1906"]
[BlackElo "2062"]
[PlyCount "86"]
[EventDate "2017.05.16"]
[EventType "swiss"]
[EventRounds "9"]
[EventCountry "CUB"]
[SourceTitle "CBM 178 Extra"]
[Source "ChessBase"]
[SourceDate "2017.06.22"]
[SourceVersion "1"]
[SourceVersionDate "2017.06.22"]
[SourceQuality "1"]

1. e4 c5 2. Nf3 d6 3. d4 cxd4 4. Nxd4 Nf6 5. Nc3 a6 6. Be3 e6 7. f3 Nbd7 8. Qd2 b5 9. g4 Nb6 10. a3 Bb7 11. 0-0-0 Rc8 12. g5 Nfd7 13. h4 Ne5 14. Bf2 Nbc4 15. Bxc4 Nxc4 16. Qd3 Be7 17. Kb1 Qa5 18. Nce2 b4 19. Be1 d5 20. Nb3 Qb6 21. Bxb4 Bxb4 22. axb4 Qxb4 23. Nc3 0-0 24. exd5 Bxd5 25. Nxd5 exd5 26. h5 Qb6 27. g6 fxg6 28. Qxd5+ Kh8 29. h6 gxh6 30. Rxh6 Rcd8 31. Rxh7+ Kxh7 32. Rh1+ Kg7 33. Qxc4 Qf6 34. Nc5 Rfe8 35. Qg4 Qf5 36. Qxf5 gxf5 37. Nxa6 Re2 38. Nc5 Rdd2 39. Rc1 Re3 40. f4 Rd4 41. Nd3 Kg6 42. Rh1 Kf6 43. Rh6+ Kg7 1/2-1/2